000 00630nam a2200229Ia 4500
003 OSt
005 20220925172551.0
006 a|||||r|||| 00| 0
007 ta
008 220923b |||||||| |||| 00| 0 eng d
037 _cGeneral Book
040 _aRTL
_cRTL
_beng
041 _2eng
_aeng
082 _aX9(E).2.N90<N82r, N0
110 _aLUBRIZOL INDIA LTD
_9241960
245 0 _aAnnual report.1982-83.
260 _aBombay
_bLubrizol India Ltd
_c1990
300 _a40p.
_ccm.
700 _aLUBRIZOL INDIA LTD
_9241961
942 _hX9(E).2.N90<N82r, N0
_cGB
_2CC
999 _c485453
_d485453